| 000 | 00607nam a2200181 i 4500 | ||
|---|---|---|---|
| 001 | 81354 | ||
| 003 | ES-MaACL | ||
| 005 | 20230906174424.0 | ||
| 007 | t| | ||
| 008 | 041104s1971 sp ||||1| spa d | ||
| 100 | 1 |
_aHuffman, John W. _964598 |
|
| 245 | 1 | 0 |
_aGinecología en la infancia y en la adolescencia / _cJohn W. Huffman ; [versión Alfredo Gallart Catalá y Oriol Gamissans Olivé]. |
| 260 |
_aBarcelona : _bSalvat, _c[1971] |
||
| 300 |
_aXI, 623 p. : _bil. ; _c26 cm. |
||
| 700 | 1 |
_aGallart Catalá, A. _953510 |
|
| 700 | 1 |
_aGamissans Olivé, Oriol. _953798 |
|
| 852 |
_aES-MaACL _jC-37321 _bR.77081 |
||
| 999 |
_c81354 _d81354 |
||